State, households and markets in education: government's unwillingness and households' compulsion to pay for education vis-a-vis the exploitative markets (Record no. 61068)

000 -LEADER
fixed length control field 00483pab a2200145 454500
008 - FIXED-LENGTH DATA ELEMENTS--GENERAL INFORMATION
fixed length control field 180718b2003 xxu||||| |||| 00| 0 eng d
100 ## - MAIN ENTRY--PERSONAL NAME
Personal name Tilak, Jandhyala B.G.
245 ## - TITLE STATEMENT
Title State, households and markets in education: government's unwillingness and households' compulsion to pay for education vis-a-vis the exploitative markets
260 ## - PUBLICATION, DISTRIBUTION, ETC.
Date of publication, distribution, etc. 2003
300 ## - PHYSICAL DESCRIPTION
Extent p.115-44.
362 ## - DATES OF PUBLICATION AND/OR SEQUENTIAL DESIGNATION
Dates of publication and/or sequential designation Jul-Dec
650 ## - SUBJECT ADDED ENTRY--TOPICAL TERM
Topical term or geographic name entry element Education
773 ## - HOST ITEM ENTRY
Main entry heading Review of Development and Change
909 ## -
-- 61068
Holdings
Withdrawn status Lost status Damaged status Not for loan Permanent Location Current Location Date acquired Serial Enumeration / chronology Barcode Date last seen Price effective from Koha item type
        Indian Institute of Public Administration Indian Institute of Public Administration 2018-07-19 Volume no: 8, Issue no: 2 AR61514 2018-07-19 2018-07-19 Articles

Powered by Koha